000 02063nam0a2200301 4500
001 RU\NLR\BIBL_A\011622445
005 20240726230601.0
010 _a9785533004350
_93000
021 _aRU
_b2017-102830
_97421
035 _a(RuMoRGB)009506791
035 _a(NLR Aleph) 011622445
090 _a10990829
_c10990829
100 _a20180206d2017 u y0rusy50 ca
101 0 _arus
102 _aRU
105 _aa j 000zy
200 1 _aРабочая программа по курсу "История России с древнейших времён до начала XVI века"
_eдля 6 класса общеобразовательных организаций
_eсоответствует Федеральному государственному образовательному стандарту, Концепции нового учебно-методического комплекса по отечественной истории, Историко-культурному стандарту
_fавтор-составитель: Е. С. Манданова
210 _aМосква
_cРусское слово
_cРусское слово - учебник
_d2017
215 _a37, [2] с.
_cтабл.
_d26
225 1 _aФГОС
225 1 _aИнновационная школа
606 _aКультура. Наука. Просвещение -- Народное образование. Педагогические науки -- Общеобразовательная школа. Школьная педагогика -- Российская Федерация -- Методика преподавания отдельных учебных предметов -- История России -- Дидактика -- Содержание образования -- Учебные планы и программы
_2rubbk
610 0 _aистория в школе
686 _aЧ426.32,6(2)-211,0
_2rubbk
702 1 _aМанданова
_bЕ. С.
_gЕлена Семеновна
_4220
942 _cBOOK
980 _aNBR